| 000 | 00433cam a2200169ua 4500 | ||
|---|---|---|---|
| 003 | OSt | ||
| 008 | 250319b |||||||| |||| 00| 0 eng d | ||
| 020 | _a81 7023 962 1 | ||
| 041 | _aeng | ||
| 082 |
_a664.02853 _bPRU/QU |
||
| 100 |
_aPruthi, J S . _97305 |
||
| 245 | _aQuick freezing preservation of foods / | ||
| 260 |
_aMumbai : _bAllied Publishers Pvt Ltd , _c1999. |
||
| 300 | _a654 ; . | ||
| 500 | _a**Reference | ||
| 942 | _cBK | ||
| 999 |
_c4843 _d4843 |
||